[Event "FIN-ch 2019"]
[Site "Helsinki"]
[Date "2019.06.16"]
[Round "7.5"]
[White "Tiitta, Sauli"]
[Black "Agopov, Mikael"]
[Result "1/2-1/2"]
[WhiteElo "2214"]
[BlackElo "2432"]
[Annotator "NA"]
[PlyCount "63"]
[EventDate "2019.06.10"]
[EventType "swiss"]
[EventCountry "FIN"]
[SourceTitle "playchess.com"]
[Source "ChessBase"]
[SourceQuality "1"]
[TimeControl "40/5400+30:1800+30"]

1. e4 {[%emt 0:00:00]} c5 {[%emt 0:00:00]} 2. b3 {[%emt 0:00:00]} Nf6 {[%emt 0:00:00]} 3. Nc3 {[%emt 0:01:14]} Nc6 {[%emt 0:03:39]} 4. Nf3 {[%emt 0:01:58]} g6 {[%emt 0:01:04]} 5. Bb2 {[%emt 0:04:37]} Bg7 {[%emt 0:00:09]} 6. Qe2 {[%emt 0:08:22]} O-O {[%emt 0:04:51]} 7. O-O-O {[%emt 0:00:31]} Nd4 {[%emt 0:02:41]} 8. Nxd4 {[%emt 0:11:03]} cxd4 {[%emt 0:00:06]} 9. Nb5 {[%emt 0:00:15]} e5 {[%emt 0:00:09]} 10. c3 $17 {[%emt 0:08:07]} ({White should try} 10. Nd6 $15) 10... d5 {[%emt 0:30:52]} 11. cxd4 {[%emt 0:00:25]} dxe4 {[%emt 0:04:52]} 12. dxe5 {[%emt 0:00:39]} Ng4 {[%emt 0:03:24]} 13. f4 {[%emt 0:08:24]} a6 {[%emt 0:08:40]} 14. Nc3 {[%emt 0:08:13]} Qb6 {[%emt 0:00:49]} 15. Nxe4 {[%emt 0:08:58]} Bf5 {[%emt 0:00:05]} 16. h3 {[%emt 0:03:28]} Rfc8+ {[%emt 0:00:55]} 17. Bc3 {[%emt 0:02:10]} Bxe4 {[%emt 0:08:39]} 18. hxg4 {[%emt 0:00:11]} Bd5 {[%emt 0:00:03]} 19. Kb2 {[%emt 0:03:18]} a5 {[%emt 0:05:12]} 20. Qb5 {[%emt 0:02:33]} Qd8 {[%emt 0:00:03]} 21. Rh3 {[%emt 0:01:36]} Bf8 {[%emt 0:03:30]} 22. Qd3 {[%emt 0:02:58]} a4 {[%emt 0:00:57]} 23. b4 {[%emt 0:07:43]} Rc4 {[%emt 0:04:28]} 24. Qg3 {[%emt 0:00:53]} Rxb4+ {[%emt 0:06:58]} 25. Bxb4 {[%emt 0:05:08]} Qb6 {[%emt 0:00:08]} 26. a3 {[%emt 0:01:38]} Bxb4 {[%emt 0:00:04]} 27. axb4 {[%emt 0:00:20]} Qxb4+ {[%emt 0:00:02]} 28. Ka1 {[%emt 0:00:19]} Bb3 {[%emt 0:00:33]} 29. Qc3 {[%emt 0:01:52]} Qa3+ {[%emt 0:03:36]} 30. Kb1 {[%emt 0:00:05]} Qa2+ {[%emt 0:00:28]} 31. Kc1 {[%emt 0:00:05]} Qa3+ {[%emt 0:03:34]} 32. Kb1 {[%emt 0:00:54]} 1/2-1/2

[Event "FIN-ch 2019"]
[Site "Helsinki"]
[Date "2019.06.16"]
[Round "7.6"]
[White "Jarvenpaa, Jari"]
[Black "Ristoja, Samu"]
[Result "1/2-1/2"]
[WhiteElo "2204"]
[BlackElo "2197"]
[Annotator "TA"]
[PlyCount "119"]
[EventDate "2019.06.10"]
[EventType "swiss"]
[EventCountry "FIN"]
[SourceTitle "playchess.com"]
[Source "ChessBase"]
[SourceQuality "1"]

{[%evp 9,119,0,15,9,15,15,13,8,11,9,20,17,12,11,23,15,27,30,26,32,48,37,45,27,70,64,54,35,38,43,58,50,57,52,58,19,42,38,42,23,32,32,62,20,37,-30,-18,-27,-23,-38,8,14,18,16,20,13,20,10,23,20,13,12,17,18,36,0,0,0,6,0,8,0,0,0,0,0,0,0,0,0,0,0,0,0,0,0,16,16,16,16,16,16,16,16,16,9,16,8,16,8,16,16,16,0,0,0,16,1,16,16,20,0]} 1. d4 Nf6 2. c4 e6 3. Nc3 Bb4 4. Nf3 b6 5. Bd2 c5 6. a3 {E21: Nimzo-Indian: 4 Nf3} Bxc3 7. Bxc3 Ne4 8. Qc2 Nxc3 9. Qxc3 Qf6 10. e3 Bb7 11. Be2 $36 {[%mdl 2048] White has some pressure.} O-O $146 ({Predecessor:} 11... Nc6 12. O-O cxd4 13. Nxd4 Nxd4 14. Qxd4 Qxd4 15. exd4 {0-1 (42) Bognar,C (2168)-Naiditsch,A (2687) Tallinn 2016}) 12. O-O Rc8 13. Rac1 cxd4 14. Qxd4 Qxd4 15. Nxd4 a6 16. Rfd1 Nc6 17. Nb3 Rc7 18. Rc2 Ne7 19. Rcd2 Rd8 20. f3 g6 21. e4 Kg7 22. Na1 g5 23. Nc2 Ng6 24. Rd6 b5 25. Ne3 Bc6 26. R6d4 bxc4 27. Bxc4 (27. Rxc4 $14 Rdc8 28. Rdc1) 27... a5 28. Bf1 Rb8 29. Nc4 a4 30. Nd6 Ra7 31. Rb4 Raa8 32. Rdd4 Ne5 33. Rxb8 Rxb8 34. Rb4 Ra8 35. Kf2 Kf6 36. Ke3 Ke7 37. Nc4 (37. Nb5 {is interesting.} h5 38. Nd4 d5 39. Rb6 Bd7 40. exd5 exd5 41. Nb5) 37... Nxc4+ {The position is equal.} 38. Bxc4 $11 {[%mdl 4096] Endgame KRB-KRB} Ra5 39. Bd3 h5 40. Rb8 h4 41. g3 hxg3 42. hxg3 Rc5 43. Kd2 Kd6 44. Bc2 Ke5 45. Rb4 Ra5 46. Ke3 f6 47. Rd4 {[#] f4+ would kill now.} f5 48. f4+ gxf4+ 49. gxf4+ Kf6 50. exf5 exf5 51. Rb4 Ra8 52. Kd2 Ke6 53. Kc3 Ra5 54. Bd3 Rc5+ 55. Kd2 Ra5 56. Bc4+ Kd6 57. Bd3 Ke6 58. Rd4 Rc5 59. Bc2 Ra5 60. Bd3 {Accuracy: White = 53%, Black = 63%.} 1/2-1/2

[Event "FIN-ch 2019"]
[Site "Helsinki"]
[Date "2019.06.16"]
[Round "7.7"]
[White "Luukkonen, Tommi"]
[Black "Lindholm, Jere"]
[Result "0-1"]
[WhiteElo "2330"]
[BlackElo "2145"]
[Annotator "NA"]
[PlyCount "62"]
[EventDate "2019.06.10"]
[EventType "swiss"]
[EventCountry "FIN"]
[SourceTitle "playchess.com"]
[Source "ChessBase"]
[SourceQuality "1"]
[TimeControl "40/5400+30:1800+30"]

1. e4 {[%emt 0:00:25]} e6 {[%emt 0:02:08]} 2. d4 {[%emt 0:00:11]} d5 {[%emt 0:00:07]} 3. Nc3 {[%emt 0:00:15]} Bb4 {[%emt 0:00:09]} 4. e5 {[%emt 0:00:13]} b6 {[%emt 0:00:02]} 5. Bd2 {[%emt 0:03:50]} Ne7 {[%emt 0:01:18]} 6. Qg4 {[%emt 0:03:09]} O-O {[%emt 0:00:05]} 7. O-O-O {[%emt 0:02:26]} c5 {[%emt 0:01:19]} 8. dxc5 {[%emt 0:05:13]} Bxc3 {[%emt 0:02:46]} 9. Bxc3 {[%emt 0:00:21]} bxc5 {[%emt 0:00:07]} 10. h4 {[%emt 0:03:57]} Qb6 {[%emt 0:07:29]} 11. h5 {[%emt 0:02:14]} h6 {[%emt 0:00:46]} 12. Bd2 {[%emt 0:02:06]} Kh8 {[%emt 0:06:36]} 13. Rh3 {[%emt 0:11:38]} Nbc6 {[%emt 0:01:29]} 14. Rg3 {[%emt 0:14:53]} Nf5 {[%emt 0:02:58]} 15. Rb3 {[%emt 0:00:37]} Qc7 {[%emt 0:02:02]} 16. f4 {[%emt 0:01:04]} c4 {[%emt 0:03:10]} 17. Ra3 {[%emt 0:01:36]} Qb6 {[%emt 0:02:44]} 18. Ne2 {[%emt 0:03:26]} Rb8 {[%emt 0:02:41]} 19. b3 {[%emt 0:00:18]} d4 {[%emt 0:10:38]} 20. Kb1 {[%emt 0:02:12]} Qc5 {[%emt 0:02:49]} 21. Bc1 {[%emt 0:00:19]} Ne3 {[%emt 0:05:12]} 22. Bxe3 {[%emt 0:00:07]} Qxa3 {[%emt 0:00:07]} 23. Bc1 {[%emt 0:09:30]} Qc5 {[%emt 0:02:27]} 24. Bb2 {[%emt 0:00:17]} c3 {[%emt 0:02:09]} 25. Bc1 {[%emt 0:00:04]} Bb7 {[%emt 0:01:18]} 26. Qh4 {[%emt 0:02:42]} Rfd8 {[%emt 0:03:00]} 27. Qf2 {[%emt 0:00:24]} a5 {[%emt 0:02:31]} 28. Ng3 {[%emt 0:00:48]} Nb4 {[%emt 0:00:56]} 29. Bd3 {[%emt 0:01:51]} a4 {[%emt 0:07:07]} 30. f5 {[%emt 0:00:43]} axb3 {[%emt 0:00:56]} 31. cxb3 {[%emt 0:00:15]} Ba6 {[%emt 0:06:44]} 0-1

[Event "FIN-ch 2019"]
[Site "Helsinki"]
[Date "2019.06.17"]
[Round "8.1"]
[White "Keinanen, Toivo"]
[Black "Hokkanen, Petri"]
[Result "1-0"]
[WhiteElo "2370"]
[BlackElo "2199"]
[Annotator "NA"]
[PlyCount "87"]
[EventDate "2019.06.10"]
[EventType "swiss"]
[EventCountry "FIN"]
[SourceTitle "playchess.com"]
[Source "ChessBase"]
[SourceQuality "1"]
[TimeControl "40/5400+30:1800+30"]

1. c4 {[%emt 0:00:00]} e6 {[%emt 0:00:00]} 2. g3 {[%emt 0:01:21]} d5 {[%emt 0:00:28]} 3. Bg2 {[%emt 0:02:07]} Nf6 {[%emt 0:00:25]} 4. Nf3 {[%emt 0:01:08]} Be7 {[%emt 0:01:05]} 5. O-O {[%emt 0:00:54]} O-O {[%emt 0:00:05]} 6. b3 {[%emt 0:00:11]} c6 {[%emt 0:01:21]} 7. Bb2 {[%emt 0:04:23]} b6 {[%emt 0:00:29]} 8. d3 {[%emt 0:02:21]} Bb7 {[%emt 0:01:14]} 9. Nc3 {[%emt 0:03:27]} Nbd7 {[%emt 0:04:14]} 10. Qd2 {[%emt 0:09:51]} Re8 {[%emt 0:03:35]} 11. Rfd1 {[%emt 0:02:19]} e5 {[%emt 0:03:22]} 12. cxd5 {[%emt 0:04:42]} cxd5 {[%emt 0:01:56]} 13. Rac1 {[%emt 0:02:37]} d4 {[%emt 0:07:11]} 14. Nb5 {[%emt 0:04:38]} Nd5 {[%emt 0:01:16]} 15. e4 {[%emt 0:04:52]} a6 {[%emt 0:06:54]} 16. Nbxd4 {[%emt 0:04:30]} Bb4 {[%emt 0:08:32]} 17. Qg5 {[%emt 0:02:36]} Be7 {[%emt 0:06:59]} 18. Qd2 {[%emt 0:04:46]} Bb4 {[%emt 0:00:06]} 19. Qc2 {[%emt 0:00:55]} Rc8 {[%emt 0:05:45]} 20. Qb1 {[%emt 0:00:09]} Nc3 {[%emt 0:12:14]} 21. Bxc3 {[%emt 0:01:33]} Bxc3 {[%emt 0:00:02]} 22. Ne2 {[%emt 0:03:35]} Bb4 {[%emt 0:00:05]} 23. Rxc8 {[%emt 0:06:12]} Qxc8 {[%emt 0:00:06]} 24. Bh3 {[%emt 0:01:51]} Qc7 {[%emt 0:02:03]} 25. d4 {[%emt 0:03:31]} Nf6 {[%emt 0:01:01]} 26. d5 {[%emt 0:01:12]} Qd6 {[%emt 0:01:13]} 27. Kg2 {[%emt 0:02:41]} g6 {[%emt 0:03:13]} 28. Nc1 {[%emt 0:05:19]} a5 {[%emt 0:04:22]} 29. Kg1 {[%emt 0:07:16]} h5 {[%emt 0:02:58]} 30. a4 {[%emt 0:02:19]} Ng4 {[%emt 0:01:27]} 31. Nd3 {[%emt 0:01:28]} Bc3 {[%emt 0:01:59]} 32. Qc1 {[%emt 0:02:07]} Rc8 {[%emt 0:04:20]} 33. Qg5 {[%emt 0:00:30]} Kg7 {[%emt 0:05:55]} 34. Nh4 {[%emt 0:01:59]} Kh7 {[%emt 0:00:57]} 35. Bxg4 {[%emt 0:02:17]} hxg4 {[%emt 0:00:30]} 36. Qxg4 {[%emt 0:00:04]} Rc7 {[%emt 0:06:28]} 37. Nf3 {[%emt 0:00:54]} Kg8 {[%emt 0:00:51]} 38. Qg5 {[%emt 0:00:52]} f5 {[%emt 0:00:36]} 39. Nh4 {[%emt 0:04:30]} fxe4 {[%emt 0:00:12]} 40. Nf5 {[%emt 0:01:19]} Qxd5 {[%emt 0:00:06]} 41. Ne3 {[%emt 0:07:11]} Qd6 {[%emt 0:04:18]} 42. Nxe5 {[%emt 0:02:22]} Bd4 {[%emt 0:05:30]} 43. Nxg6 {[%emt 0:02:20]} Rg7 {[%emt 0:06:35]} 44. Ne7+ {[%emt 0:20:51]} 1-0

[Event "FIN-ch 2019"]
[Site "Helsinki"]
[Date "2019.06.17"]
[Round "8.2"]
[White "Lahdelma, Henri"]
[Black "Koykka, Pekka"]
[Result "1-0"]
[WhiteElo "2188"]
[BlackElo "2399"]
[Annotator "NA"]
[PlyCount "91"]
[EventDate "2019.06.10"]
[EventType "swiss"]
[EventCountry "FIN"]
[SourceTitle "playchess.com"]
[Source "ChessBase"]
[SourceQuality "1"]
[TimeControl "40/5400+30:1800+30"]

1. d4 {[%emt 0:00:00]} Nf6 {[%emt 0:00:00]} 2. c4 {[%emt 0:00:00]} c5 {[%emt 0:00:00]} 3. d5 {[%emt 0:00:00]} b5 {[%emt 0:00:00]} 4. cxb5 {[%emt 0:00:00]} a6 {[%emt 0:00:00]} 5. f3 {[%emt 0:00:16]} e6 {[%emt 0:00:39]} 6. e4 {[%emt 0:00:08]} exd5 {[%emt 0:00:43]} 7. e5 {[%emt 0:00:29]} Qe7 {[%emt 0:00:14]} 8. Qe2 {[%emt 0:00:14]} Ng8 {[%emt 0:00:39]} 9. Nc3 {[%emt 0:00:29]} Bb7 {[%emt 0:00:51]} 10. Nh3 {[%emt 0:00:35]} Qd8 {[%emt 0:00:26]} 11. Nf4 {[%emt 0:04:50]} Ne7 {[%emt 0:00:22]} 12. Bd2 {[%emt 0:01:06]} g6 {[%emt 0:04:16]} 13. bxa6 {[%emt 0:05:11]} Nxa6 {[%emt 0:10:26]} 14. Nb5 {[%emt 0:01:40]} Nf5 {[%emt 0:00:51]} 15. g4 {[%emt 0:09:22]} Ng7 {[%emt 0:07:03]} 16. h4 {[%emt 0:09:46]} Nc7 {[%emt 0:32:21]} 17. h5 {[%emt 0:20:15]} gxh5 {[%emt 0:01:00]} 18. Nxh5 {[%emt 0:06:19]} Nxh5 {[%emt 0:00:23]} 19. Nd6+ {[%emt 0:07:47]} Bxd6 {[%emt 0:00:08]} 20. exd6+ {[%emt 0:00:04]} Ne6 {[%emt 0:00:09]} 21. Rxh5 {[%emt 0:01:06]} Qf6 {[%emt 0:03:18]} 22. Bg5 {[%emt 0:01:55]} Qd4 {[%emt 0:04:43]} 23. Rd1 {[%emt 0:08:03]} Qb4+ {[%emt 0:02:45]} 24. Rd2 {[%emt 0:02:45]} f6 {[%emt 0:25:03]} 25. Bxf6 {[%emt 0:06:22]} O-O {[%emt 0:00:07]} 26. Qd3 {[%emt 0:07:47]} Rf7 {[%emt 0:00:17]} 27. a3 {[%emt 0:00:24]} Qf4 {[%emt 0:00:45]} 28. Be5 {[%emt 0:00:32]} Qxf3 {[%emt 0:01:41]} 29. Qxf3 {[%emt 0:00:18]} Rxf3 {[%emt 0:00:04]} 30. Bd3 {[%emt 0:00:20]} Ra4 {[%emt 0:04:37]} 31. Bxh7+ {[%emt 0:00:57]} Kf7 {[%emt 0:00:01]} 32. Bf5 {[%emt 0:00:39]} Ba6 {[%emt 0:00:47]} 33. Rf2 {[%emt 0:02:11]} Re3+ {[%emt 0:01:14]} 34. Kd2 {[%emt 0:00:09]} Rxe5 {[%emt 0:00:16]} 35. Bc2+ {[%emt 0:00:21]} Kg7 {[%emt 0:00:45]} 36. Bxa4 {[%emt 0:00:35]} Ng5 {[%emt 0:00:22]} 37. Rf5 {[%emt 0:03:51]} Re2+ {[%emt 0:00:14]} 38. Kc1 {[%emt 0:00:35]} Ne6 {[%emt 0:00:32]} 39. Re5 {[%emt 0:01:06]} Rg2 {[%emt 0:00:42]} 40. Rxe6 {[%emt 0:00:24]} dxe6 {[%emt 0:00:24]} 41. d7 {[%emt 0:30:07]} Rg1+ {[%emt 0:30:03]} 42. Kc2 {[%emt 0:00:20]} Rg2+ {[%emt 0:00:07]} 43. Kb1 {[%emt 0:00:06]} Bd3+ {[%emt 0:00:07]} 44. Ka2 {[%emt 0:01:05]} Rg1 {[%emt 0:00:50]} 45. Bd1 {[%emt 0:01:20]} Rxd1 {[%emt 0:00:00]} 46. d8=Q {[%emt 0:00:00]} 1-0

[Event "FIN-ch 2019"]
[Site "Helsinki"]
[Date "2019.06.17"]
[Round "8.3"]
[White "Nyysti, Sampsa"]
[Black "Sipila, Vilka"]
[Result "1-0"]
[WhiteElo "2320"]
[BlackElo "2410"]
[Annotator "NA"]
[PlyCount "113"]
[EventDate "2019.06.10"]
[EventType "swiss"]
[EventCountry "FIN"]
[SourceTitle "playchess.com"]
[Source "ChessBase"]
[SourceQuality "1"]
[TimeControl "40/5400+30:1800+30"]

1. e4 {[%emt 0:00:00]} e5 {[%emt 0:03:50]} 2. Nf3 {[%emt 0:00:00]} Nc6 {[%emt 0:00:08]} 3. Bb5 {[%emt 0:00:00]} Nf6 {[%emt 0:00:10]} 4. d3 {[%emt 0:00:00]} Bc5 {[%emt 0:00:09]} 5. Bxc6 {[%emt 0:00:12]} dxc6 {[%emt 0:00:07]} 6. Nbd2 {[%emt 0:00:22]} O-O {[%emt 0:00:19]} 7. Nc4 {[%emt 0:05:29]} Nd7 {[%emt 0:00:22]} 8. Qe2 {[%emt 0:01:34]} f6 {[%emt 0:00:49]} 9. Nh4 {[%emt 0:09:18]} a5 {[%emt 0:11:28]} 10. Be3 {[%emt 0:12:15]} b5 {[%emt 0:02:49]} 11. Nd2 {[%emt 0:01:19]} a4 {[%emt 0:02:40]} 12. a3 {[%emt 0:03:04]} g6 {[%emt 0:03:56]} 13. O-O {[%emt 0:12:29]} Bd6 {[%emt 0:18:05]} 14. g3 {[%emt 0:07:29]} Nc5 {[%emt 0:02:20]} 15. Kh1 {[%emt 0:07:57]} f5 {[%emt 0:11:37]} 16. exf5 {[%emt 0:01:44]} gxf5 {[%emt 0:05:55]} 17. f4 {[%emt 0:02:04]} exf4 {[%emt 0:01:10]} 18. Bxf4 {[%emt 0:02:01]} Be7 {[%emt 0:01:46]} 19. Ndf3 {[%emt 0:05:43]} Ne6 {[%emt 0:02:23]} 20. Be5 {[%emt 0:00:24]} c5 {[%emt 0:07:58]} 21. Rae1 {[%emt 0:02:42]} Ra6 {[%emt 0:00:37]} 22. Ng2 {[%emt 0:07:52]} Bb7 {[%emt 0:00:45]} 23. h3 {[%emt 0:01:34]} Bf6 {[%emt 0:07:25]} 24. Kh2 {[%emt 0:01:16]} Ng7 {[%emt 0:03:08]} 25. Qe3 {[%emt 0:02:22]} Bxe5 {[%emt 0:03:09]} 26. Qxe5 {[%emt 0:01:05]} Qd6 {[%emt 0:02:17]} 27. Qxd6 {[%emt 0:04:14]} cxd6 {[%emt 0:00:35]} 28. Nfh4 {[%emt 0:00:58]} Raa8 {[%emt 0:03:15]} 29. Re7 {[%emt 0:01:56]} Rf7 {[%emt 0:03:38]} 30. Rxf7 {[%emt 0:01:11]} Kxf7 {[%emt 0:00:02]} 31. Nxf5 {[%emt 0:00:09]} Nxf5 {[%emt 0:00:03]} 32. Rxf5+ {[%emt 0:00:06]} Kg7 {[%emt 0:01:06]} 33. Nf4 {[%emt 0:03:30]} Bc8 {[%emt 0:01:28]} 34. Rd5 {[%emt 0:00:29]} Ra6 {[%emt 0:00:07]} 35. g4 {[%emt 0:00:28]} h6 {[%emt 0:00:31]} 36. g5 {[%emt 0:01:40]} b4 {[%emt 0:00:48]} 37. h4 {[%emt 0:00:48]} bxa3 {[%emt 0:00:44]} 38. bxa3 {[%emt 0:00:03]} Rb6 {[%emt 0:00:22]} 39. Kg3 {[%emt 0:00:22]} Bd7 {[%emt 0:00:52]} 40. gxh6+ {[%emt 0:02:33]} Kxh6 {[%emt 0:00:02]} 41. Rg5 {[%emt 0:02:37]} c4 {[%emt 0:06:05]} 42. dxc4 {[%emt 0:02:51]} Rc6 {[%emt 0:00:22]} 43. Rd5 {[%emt 0:02:37]} Be8 {[%emt 0:00:16]} 44. Rd4 {[%emt 0:02:30]} Bf7 {[%emt 0:00:14]} 45. Nd5 {[%emt 0:04:22]} Bxd5 {[%emt 0:00:26]} 46. cxd5 {[%emt 0:01:19]} Rc3+ {[%emt 0:01:40]} 47. Rd3 {[%emt 0:04:16]} Rxc2 {[%emt 0:00:13]} 48. Kf4 {[%emt 0:01:52]} Kh5 {[%emt 0:08:09]} 49. Rd4 {[%emt 0:00:38]} Rh2 {[%emt 0:02:06]} 50. Kf5 {[%emt 0:00:16]} Re2 {[%emt 0:00:07]} 51. Re4 {[%emt 0:00:20]} Rxe4 {[%emt 0:02:35]} 52. Kxe4 {[%emt 0:00:02]} Kg4 {[%emt 0:00:08]} 53. h5 {[%emt 0:00:08]} Kg5 {[%emt 0:00:07]} 54. h6 {[%emt 0:00:12]} Kg6 {[%emt 0:00:09]} 55. h7 {[%emt 0:00:23]} Kxh7 {[%emt 0:00:09]} 56. Kf5 {[%emt 0:00:04]} Kg7 {[%emt 0:00:05]} 57. Ke6 {[%emt 0:00:07]} 1-0

[Event "FIN-ch 2019"]
[Site "Helsinki"]
[Date "2019.06.17"]
[Round "8.4"]
[White "Ronka, Erik"]
[Black "Agopov, Mikael"]
[Result "0-1"]
[WhiteElo "2270"]
[BlackElo "2432"]
[Annotator "NA"]
[PlyCount "82"]
[EventDate "2019.06.10"]
[EventType "swiss"]
[EventCountry "FIN"]
[SourceTitle "playchess.com"]
[Source "ChessBase"]
[SourceQuality "1"]
[TimeControl "40/5400+30:1800+30"]

1. e4 {[%emt 1:30:30]} c5 {[%emt 1:30:30]} 2. Nf3 {[%emt 0:00:30]} e6 {[%emt 0:00:30]} 3. d4 {[%emt 0:00:30]} cxd4 {[%emt 0:00:30]} 4. Nxd4 {[%emt 0:00:30]} Nc6 {[%emt 0:00:30]} 5. Nb5 {[%emt 0:00:30]} d6 {[%emt 0:00:30]} 6. Bf4 {[%emt 0:00:30]} e5 {[%emt 0:00:30]} 7. Be3 {[%emt 0:00:30]} Nf6 {[%emt 0:00:30]} 8. Bg5 {[%emt 0:00:30]} Be6 {[%emt 0:00:30]} 9. Nd2 {[%emt 0:00:30]} a6 {[%emt 0:00:30]} 10. Nc3 {[%emt 0:00:30]} Be7 {[%emt 0:00:30]} 11. Bxf6 {[%emt 0:00:30]} Bxf6 {[%emt 0:00:30]} 12. Nc4 {[%emt 0:00:30]} Nd4 {[%emt 0:00:30]} 13. Bd3 {[%emt 0:00:30]} Bg5 {[%emt 0:00:30]} 14. Nd5 {[%emt 0:00:30]} Bxd5 {[%emt 0:00:30]} 15. exd5 {[%emt 0:00:30]} O-O {[%emt 0:00:30]} 16. O-O {[%emt 0:00:30]} Nb5 {[%emt 0:00:30]} 17. a4 {[%emt 0:00:30]} Na7 {[%emt 0:00:30]} 18. g3 {[%emt 0:00:30]} Re8 {[%emt 0:00:30]} 19. Qg4 {[%emt 0:00:30]} Nc8 {[%emt 0:00:30]} 20. a5 {[%emt 0:00:30]} Bf6 {[%emt 0:00:30]} 21. Rae1 {[%emt 0:00:30]} g6 {[%emt 0:00:30]} 22. f4 {[%emt 0:00:30]} e4 {[%emt 0:00:30]} 23. Rxe4 {[%emt 0:00:30]} Rxe4 {[%emt 0:00:30]} 24. Bxe4 {[%emt 0:00:30]} b5 {[%emt 0:00:30]} 25. axb6 {[%emt 0:00:30]} Nxb6 {[%emt 0:00:30]} 26. Na5 {[%emt 0:00:30]} Na4 {[%emt 0:00:30]} 27. Nc6 {[%emt 0:00:30]} Qb6+ {[%emt 0:00:30]} 28. Kh1 {[%emt 0:00:30]} Nxb2 {[%emt 0:00:30]} 29. Qd7 {[%emt 0:00:30]} Nc4 {[%emt 0:00:30]} 30. Bg2 {[%emt 0:00:30]} Kg7 {[%emt 0:00:30]} 31. g4 {[%emt 0:00:30]} Ne3 {[%emt 0:00:30]} 32. Rg1 {[%emt 0:00:30]} Nxg2 {[%emt 0:00:30]} 33. Rxg2 {[%emt 0:00:30]} Qb1+ {[%emt 0:00:30]} 34. Rg1 {[%emt 0:00:30]} Qxc2 {[%emt 0:00:30]} 35. Qxd6 {[%emt 0:00:30]} Re8 {[%emt 0:00:30]} 36. f5 {[%emt 0:00:30]} Qe4+ {[%emt 0:00:30]} 37. Rg2 Qf3 {[%emt 0:00:30]} 38. h4 {[%emt 0:01:00]} Re1+ {[%emt 0:00:30]} 39. Kh2 {[%emt 0:00:30]} Be5+ {[%emt 0:00:30]} 40. Nxe5 {[%emt 0:00:30]} Qf4+ {[%emt 0:00:30]} 41. Rg3 {[%emt 0:30:30]} Qf2+ {[%emt 0:30:30]} 0-1

[Event "FIN-ch 2019"]
[Site "Helsinki"]
[Date "2019.06.17"]
[Round "8.5"]
[White "Norri, Joose"]
[Black "Lindholm, Jere"]
[Result "0-1"]
[WhiteElo "2271"]
[BlackElo "2145"]
[Annotator "NA"]
[PlyCount "121"]
[EventDate "2019.06.10"]
[EventType "swiss"]
[EventCountry "FIN"]
[SourceTitle "playchess.com"]
[Source "ChessBase"]
[SourceQuality "1"]
[TimeControl "40/5400+30:1800+30"]

1. d4 {[%emt 0:08:06]} Nf6 {[%emt 0:00:49]} 2. c4 {[%emt 0:01:45]} g6 {[%emt 0:00:40]} 3. Nc3 {[%emt 0:00:13]} d5 {[%emt 0:00:42]} 4. Nf3 {[%emt 0:03:01]} Bg7 {[%emt 0:00:07]} 5. e3 {[%emt 0:00:20]} O-O {[%emt 0:00:36]} 6. cxd5 {[%emt 0:00:06]} Nxd5 {[%emt 0:00:04]} 7. Bc4 {[%emt 0:00:07]} Nxc3 {[%emt 0:00:05]} 8. bxc3 {[%emt 0:00:08]} c5 {[%emt 0:00:31]} 9. O-O {[%emt 0:00:16]} b6 {[%emt 0:00:12]} 10. a4 {[%emt 0:00:47]} Nc6 {[%emt 0:00:26]} 11. Ba3 {[%emt 0:01:56]} Qc7 {[%emt 0:00:50]} 12. Be2 {[%emt 0:04:20]} Rd8 {[%emt 0:01:23]} 13. Qc2 {[%emt 0:00:34]} Na5 {[%emt 0:01:47]} 14. dxc5 {[%emt 0:06:28]} bxc5 {[%emt 0:00:20]} 15. Rab1 {[%emt 0:00:12]} Bd7 {[%emt 0:13:42]} 16. Rfd1 {[%emt 0:04:40]} Rab8 {[%emt 0:03:32]} 17. c4 {[%emt 0:08:00]} Nb7 {[%emt 1:12:44]} 18. Bb2 {[%emt 0:12:59]} Bxb2 {[%emt 0:00:00]} 19. Rxb2 {[%emt 0:06:29]} Nd6 {[%emt 0:00:00]} 20. Rdb1 {[%emt 0:05:00]} Rxb2 {[%emt 0:00:00]} 21. Qxb2 {[%emt 0:01:11]} Bxa4 {[%emt 0:00:00]} 22. Qa3 {[%emt 0:02:37]} Bd7 {[%emt 0:00:00]} 23. Ra1 {[%emt 0:02:27]} Be6 {[%emt 0:00:00]} 24. Ne5 {[%emt 0:04:59]} f6 {[%emt 0:00:00]} 25. Nd3 {[%emt 0:02:41]} Bxc4 {[%emt 0:00:00]} 26. Nxc5 {[%emt 0:00:20]} Bxe2 {[%emt 0:00:00]} 27. Ne6 {[%emt 0:00:07]} Qd7 {[%emt 0:00:00]} 28. Nxd8 {[%emt 0:00:36]} Qxd8 {[%emt 0:00:00]} 29. Qb2 {[%emt 0:01:57]} Bc4 {[%emt 0:00:00]} 30. Rxa7 {[%emt 0:00:07]} Nb5 {[%emt 0:00:00]} 31. Ra1 {[%emt 0:00:11]} Qd3 {[%emt 0:00:00]} 32. Rc1 {[%emt 0:01:28]} Nd6 {[%emt 0:00:00]} 33. h3 {[%emt 0:00:06]} Kf7 {[%emt 0:00:00]} 34. Qb4 {[%emt 0:00:06]} Bd5 {[%emt 0:00:00]} 35. Rc7 {[%emt 0:02:09]} Qe4 {[%emt 0:00:00]} 36. Qxe4 {[%emt 0:00:45]} Bxe4 {[%emt 0:00:00]} 37. f3 {[%emt 0:00:06]} Bd5 {[%emt 0:00:00]} 38. Kf2 {[%emt 0:00:27]} Ke6 {[%emt 0:00:09]} 39. Ra7 {[%emt 0:01:03]} f5 {[%emt 0:00:51]} 40. g4 {[%emt 0:00:46]} Kf6 {[%emt 0:01:37]} 41. Ra6 {[%emt 0:32:40]} h5 {[%emt 0:37:25]} 42. Ra5 {[%emt 0:04:07]} e6 {[%emt 0:00:00]} 43. gxh5 {[%emt 0:00:00]} gxh5 {[%emt 0:00:00]} 44. h4 {[%emt 0:00:00]} Nc4 {[%emt 0:00:00]} 45. Ra7 {[%emt 0:00:00]} Ne5 {[%emt 0:00:00]} 46. f4 {[%emt 0:00:00]} Ng4+ {[%emt 0:00:00]} 47. Ke2 {[%emt 0:00:00]} Bc4+ {[%emt 0:00:00]} 48. Kf3 {[%emt 0:00:00]} e5 {[%emt 0:00:00]} 49. fxe5+ {[%emt 0:00:00]} Kxe5 {[%emt 0:00:00]} 50. Rh7 {[%emt 0:00:00]} Bd5+ {[%emt 0:00:00]} 51. Kg3 {[%emt 0:00:00]} Nxe3 {[%emt 0:00:00]} 52. Rxh5 {[%emt 0:00:00]} Ke4 {[%emt 0:00:00]} 53. Rh8 {[%emt 0:00:00]} f4+ {[%emt 0:00:00]} 54. Kf2 {[%emt 0:00:00]} Ng4+ {[%emt 0:00:00]} 55. Ke1 {[%emt 0:00:00]} f3 {[%emt 0:00:00]} 56. Rf8 {[%emt 0:00:00]} Ke3 {[%emt 0:00:00]} 57. h5 {[%emt 0:00:00]} f2+ {[%emt 0:00:00]} 58. Kf1 {[%emt 0:00:00]} Bf3 {[%emt 0:00:00]} 59. Re8+ {[%emt 0:00:00]} Kf4 {[%emt 0:00:00]} 60. h6 {[%emt 0:00:00]} Kg3 {[%emt 0:00:00]} 61. Rf8 {[%emt 0:24:07]} 0-1